| 000 | 00491nam a2200133Ia 4500 | ||
|---|---|---|---|
| 008 | 100415s9999 xx 000 0 und d | ||
| 082 |
_b15434 _a590 |
||
| 245 | _aJournal of Zoology: 019866 - vol.209; 1986 [no.1 & 4 are missing]: - vol.220; 1990 | ||
| 260 | _c0 | ||
| 365 | _b0 | ||
| 630 | _aJournal of Zoology: 019866 - vol.209; 1986 [no.1 & 4 are missing]: - vol.220; 1990 | ||
| 730 | _aJournal of Zoology: 019866 - vol.209; 1986 [no.1 & 4 are missing]: - vol.220; 1990 | ||
| 942 | _cBOOK | ||
| 999 |
_c598332 _d598329 |
||